| 000 | 01000nam a2200193Ia 4500 | ||
|---|---|---|---|
| 999 |
_c9714 _d9714 |
||
| 005 | 20231014112749.0 | ||
| 008 | 231011s9999 xx 000 0 und d | ||
| 020 | _a970-613-606-1 | ||
| 040 |
_aUPAN _cBiblioteca San Vicente _eRCAA2 |
||
| 041 | _aspa | ||
| 082 |
_a153.15 _bH694p _c2000 |
||
| 100 |
_aHowe, Michael _4aut. |
||
| 245 | 0 |
_aPsicología del aprendizaje/ _cMichael J. A. Howe |
|
| 260 |
_aMéxico: _bOxford, _c2000 |
||
| 300 |
_a165 p.; _c23 cm. |
||
| 505 | _a1. Introducción: los inicios del aprendizaje humano , 2. Prepararse para aprender en la escuela, 3. Las actividades mentales y el aprendizaje humano, 4. Los ensayos y la práctica, 5. Cómo los conocimientos existentes contribuyen al aprendizaje, 6. Inteligencia y habilidades humanas, 7. Cómo la motivación afecta el aprendizaje, 8. La lectura, la comprensión y el aprendizaje, 9. Ampliar las habilidades de escritura, Bibliografía,Índice analítico. | ||
| 650 |
_2LEMB _xPsicología del aprendizaje |
||
| 942 |
_cBK _2ddc |
||